000 00599cam a2200217 4500
001 J87713
008 090401t1968 xxu||||| |||| 00| 0 eng d
035 _a(Sirsi) u82091
041 _aeng
050 _a346.4104343
110 _aEngland and Wales
_bLaw Commission
_93302
245 _aWorking party`s provisional proposals relating to termination of tenancies.
260 _aLondon
_bLaw Commission
_c1968
300 _aiii,39p. ; 32cm.
350 _a0
490 _aWorking Paper
_v16
650 _aTERMINATION
690 _aLANDLORD AND TENANT
_96252
942 _n0
948 _c13/11/1997
999 _c96764
_d96764